000
00303nam a2200133Ia 4500
005
20251222155112.0
008
251222s9999||||xx |||||||||||||| ||spa||
082
_a
EST. 32
100
_a
URQUIA, Lobez
245
0
_a
Estadistica 5ta. Edición
250
_a
5ta. ed.
264
_b
Marcombo
942
_c
LIB
999
_c
38097
_d
38097